| 000 | 00766nam a22003017a 4500 | ||
|---|---|---|---|
| 003 | OSt | ||
| 008 | 150615b xxu||||| |||| 00| 0 fre d | ||
| 100 | 1 | _aVarga, Ladislas | |
| 041 | _afre | ||
| 245 | 1 | 0 | _aCatalogue specialise des timbres de France |
| 246 | 1 | 0 | _avol. 1 (1849-1900) |
| 260 |
_aAmiens, France _bYvert & Tellier |
||
| 300 | _a0 pages | ||
| 650 | 0 | _aFrance | |
| 650 | 0 | _aCatalogs and Price Lists | |
| 650 | 0 | _aErrors and Varieties | |
| 650 | 0 | _aProduction | |
| 650 | 0 | _aEngraving | |
| 650 | 0 | _aEssays and Proofs | |
| 650 | 0 | _aDesigns | |
| 650 | 0 | _aStamps Histories | |
| 650 | 0 | _aClassis Issues | |
| 650 | 0 | _aDefinitive Issues | |
| 650 | 0 | _aPostal History | |
| 650 | 0 | _aPostal Markings | |
| 650 | 0 | _aCovers | |
| 650 | 0 | _aMilitary Mail | |
| 999 |
_c1564 _d1564 |
||